Teacher in developing Indian society (Record no. 206768)

MARC details
000 -LEADER
fixed length control field 00375nam a2200145Ia 4500
008 - FIXED-LENGTH DATA ELEMENTS--GENERAL INFORMATION
fixed length control field 231221s9999 xx 000 0 und d
041 ## - LANGUAGE CODE
Language code of text/sound track or separate title English
082 ## - DEWEY DECIMAL CLASSIFICATION NUMBER
Classification number 371.1 PAN;1 R
100 ## - MAIN ENTRY--PERSONAL NAME
Personal name Pandey, Michael J
245 #0 - TITLE STATEMENT
Title Teacher in developing Indian society
260 ## - PUBLICATION, DISTRIBUTION, ETC.
Date of publication, distribution, etc. 2004-05
Name of publisher, distributor, etc. Vinod
Place of publication, distribution, etc. AGRA
300 ## - PHYSICAL DESCRIPTION
Extent 17+537
650 ## - SUBJECT ADDED ENTRY--TOPICAL TERM
Topical term or geographic name entry element Teacher,deviloping,society
942 ## - ADDED ENTRY ELEMENTS (KOHA)
Koha item type Education Library
Holdings
Date last seen Total checkouts Full call number Accession number Cost, total (INR) price Price effective from Category Lost status Damaged status Department Withdrawn status Home library Current library Shelving location Entry date Vendor Cost, normal purchase price Grants Billnumber Billdate Currency symbol Conversion rate Discount Old discount
26/01/2024   371.1 PAN;1 R ED1690 136.00 26/01/2024 Education Library     Central Library   Central Library Central Library Central Library   Sapna Book House 160.00 EDU 25297 25/05/2010 RS 1 24 15
26/01/2024   371.1 PAN;2 R1 ED1691 136.00 26/01/2024 Education Library     Central Library   Central Library Central Library Central Library   Sapna Book House 160.00 EDU 25297 11/05/2010 RS 1 24 15

© For any Suggestions or Query, please contact the library staff @ librarian@pes.edu or Phone: +9180 2672 1983/ 2108.